[Event "Klaipeda Rumiancev Memorial-A"]
[Site "Klaipeda"]
[Date "2021.07.24"]
[Round "6"]
[White "Jadenkus, Henrikas"]
[Black "Pidluznij, Gleb"]
[Result "0-1"]
[WhiteElo "1919"]
[BlackElo "2017"]
[PlyCount "96"]
[EventDate "2021.07.19"]
[EventType "swiss"]
[EventRounds "7"]
[EventCountry "LTU"]
[SourceTitle "EXT 2022"]
[Source "ChessBase"]
[SourceDate "2021.10.06"]
[SourceVersion "1"]
[SourceVersionDate "2021.10.06"]
[SourceQuality "1"]

1. d4 Nf6 2. e3 g6 3. Bd3 Bg7 4. f4 0-0 5. Nf3 d6 6. e4 c5 7. e5 dxe5 8. dxe5 Nd5 9. Be4 Nb4 10. 0-0 Bf5 11. Bxf5 Qxd1 12. Rxd1 gxf5 13. Na3 e6 14. c3 Nd5 15. c4 Nb4 16. Nb5 N8c6 17. Be3 b6 18. Bf2 a6 19. Nd6 f6 20. a3 Nc2 21. Rac1 N2d4 22. Bxd4 cxd4 23. exf6 Bxf6 24. Re1 d3 25. Rxe6 Bxb2 26. Rd1 Bxa3 27. Rxd3 Bc5+ 28. Kf1 Rad8 29. Ke2 Nb4 30. Rd2 a5 31. Nb7 Rde8 32. Nxc5 bxc5 33. Rxe8 Rxe8+ 34. Ne5 a4 35. Kd1 a3 36. Kc1 a2 37. Kb2 Ra8 38. Ka1 Ra3 39. Rb2 Rc3 40. Rxb4 cxb4 41. Kxa2 Rc2+ 42. Kb3 Rxg2 43. c5 Kf8 44. c6 Ke7 45. Kxb4 Kd6 46. Kb5 Rb2+ 47. Kc4 Rxh2 48. Kd4 Re2 0-1

[Event "Klaipeda Sea op-A 15th"]
[Site "Klaipeda"]
[Date "2018.07.26"]
[Round "4"]
[White "Jadenkus, Henrikas"]
[Black "Januseviciute, Donata"]
[Result "1-0"]
[WhiteElo "1956"]
[BlackElo "1560"]
[PlyCount "45"]
[EventDate "2018.07.23"]
[EventType "swiss"]
[EventRounds "7"]
[EventCountry "LTU"]
[SourceTitle "CBM 186 Extra"]
[Source "ChessBase"]
[SourceDate "2018.08.24"]
[SourceVersion "1"]
[SourceVersionDate "2018.08.24"]
[SourceQuality "1"]

1. e4 c6 2. d4 d5 3. f3 Nd7 4. Nc3 dxe4 5. fxe4 Ngf6 6. Nf3 g6 7. Bc4 Nb6 8. Bb3 Bg7 9. Bf4 Bg4 10. Bxf7+ Kxf7 11. Ne5+ Kf8 12. Nxg4 Nxg4 13. Qxg4 Qxd4 14. Rf1 Qd7 15. Bh6+ Kg8 16. Qf3 Bf6 17. g4 Qe8 18. 0-0-0 Bg7 19. g5 Nc4 20. Qh3 e6 21. Bxg7 Kxg7 22. Rf6 h6 23. Rxe6 1-0

[Event "Klaipeda Sea op-A 15th"]
[Site "Klaipeda"]
[Date "2018.07.24"]
[Round "2"]
[White "Pocius, Vaclovas"]
[Black "Jadenkus, Henrikas"]
[Result "1-0"]
[WhiteElo "1747"]
[BlackElo "1956"]
[PlyCount "93"]
[EventDate "2018.07.23"]
[EventType "swiss"]
[EventRounds "7"]
[EventCountry "LTU"]
[SourceTitle "CBM 186 Extra"]
[Source "ChessBase"]
[SourceDate "2018.08.24"]
[SourceVersion "1"]
[SourceVersionDate "2018.08.24"]
[SourceQuality "1"]

1. d4 f5 2. e4 fxe4 3. Nc3 Nf6 4. Bg5 d5 5. Bxf6 exf6 6. Qh5+ g6 7. Qxd5 Bb4 8. Qxe4+ Kf7 9. Bc4+ Kg7 10. 0-0-0 c6 11. Nge2 Re8 12. Qf3 Nd7 13. g4 Nb6 14. Bb3 Be6 15. Nf4 Bxb3 16. axb3 a5 17. d5 cxd5 18. Ncxd5 Nxd5 19. Rxd5 Qc8 20. Rhd1 Re7 21. g5 f5 22. Qd3 Qc6 23. Qd4+ Kf7 24. Re5 Rd8 25. Nd5 Red7 26. Qc4 Qxc4 27. bxc4 Bd6 28. Re3 Bf4 29. Rdd3 Bxg5 30. f4 Rxd5 31. fxg5 Rxd3 32. cxd3 Rd4 33. Kc2 f4 34. Rh3 Ke6 35. Kc3 Ke5 36. Rxh7 Rd8 37. Rxb7 Kf5 38. c5 Rf8 39. Kd2 Ke5 40. c6 f3 41. Ke1 Rc8 42. c7 Kd4 43. Kf2 Kxd3 44. Kxf3 Kd4 45. h4 Kc5 46. Kg4 Kc6 47. Rb3 1-0

[Event "Plunge op 29th"]
[Site "Plunge"]
[Date "2009.07.18"]
[Round "5"]
[White "Jadenkus, Henrikas"]
[Black "Laurusaite, Brigita"]
[Result "1/2-1/2"]
[WhiteElo "1965"]
[BlackElo "2070"]
[PlyCount "67"]
[EventDate "2009.07.15"]
[EventType "swiss"]
[EventRounds "7"]
[EventCountry "LTU"]
[SourceTitle "EXT 2012"]
[Source "ChessBase"]
[SourceDate "2011.11.24"]
[SourceVersion "1"]
[SourceVersionDate "2011.11.24"]
[SourceQuality "1"]

1. e4 c6 2. d4 d5 3. f3 e6 4. Nc3 Bb4 5. Bf4 Nf6 6. Qd3 0-0 7. Nge2 dxe4 8. fxe4 c5 9. dxc5 Bxc5 10. Bg5 Qxd3 11. cxd3 Nc6 12. 0-0-0 e5 13. Bxf6 gxf6 14. Nd5 f5 15. Ng3 f4 16. Nh5 Kh8 17. Nhf6 Nd4 18. Rd2 Be6 19. Kb1 Rfd8 20. Be2 Rac8 21. Bh5 Bxd5 22. Nxd5 f5 23. g3 fxe4 24. dxe4 Nc6 25. Rc2 Bd6 26. Bg4 Ra8 27. Rf2 Rf8 28. Bf5 Nd4 29. gxf4 Nxf5 30. fxe5 Bxe5 31. Rxf5 Rxf5 32. exf5 Rd8 33. Nc3 Rf8 34. Rf1 1/2-1/2

[Event "Wroclaw op"]
[Site "Wroclaw"]
[Date "2009.04.27"]
[Round "1"]
[White "Sakalauskas, Vaidas"]
[Black "Jadenkus, Henrikas"]
[Result "1-0"]
[WhiteElo "2407"]
[BlackElo "1975"]
[PlyCount "53"]
[EventDate "2009.04.27"]
[EventType "swiss"]
[EventRounds "9"]
[EventCountry "POL"]
[SourceTitle "CBM 130 Extra"]
[Source "ChessBase"]
[SourceDate "2009.07.02"]
[SourceVersion "2"]
[SourceVersionDate "2009.07.15"]
[SourceQuality "1"]

1. d4 Nf6 2. c4 e6 3. Nc3 Bb4 4. Qc2 Bxc3+ 5. Qxc3 b6 6. Bg5 Bb7 7. f3 c5 8. dxc5 bxc5 9. e3 Nc6 10. Rd1 Ne4 11. fxe4 Qxg5 12. Nf3 Qf6 13. e5 Qe7 14. Be2 0-0 15. 0-0 f6 16. exf6 Rxf6 17. Rd2 d6 18. Rfd1 e5 19. a3 e4 20. Ng5 h6 21. Nh3 Raf8 22. Nf4 Rxf4 23. exf4 Nd4 24. Rxd4 cxd4 25. Qxd4 Rxf4 26. Qxd6 Qg5 27. Qd8+ 1-0

[Event "LTU-chT 0708"]
[Site "Lithuania"]
[Date "2008.03.04"]
[Round "8"]
[White "Jadenkus, Henrikas"]
[Black "Labuckas, Aidas"]
[Result "0-1"]
[WhiteElo "1984"]
[BlackElo "2287"]
[PlyCount "60"]
[EventDate "2007.09.30"]
[EventType "team"]
[EventRounds "9"]
[EventCountry "LTU"]
[SourceTitle "EXT 2009"]
[Source "ChessBase"]
[SourceDate "2008.11.26"]
[SourceVersion "1"]
[SourceVersionDate "2008.11.26"]
[SourceQuality "1"]

1. e4 c5 2. c4 Nc6 3. g3 g6 4. Bg2 Bg7 5. Ne2 e6 6. Nbc3 d6 7. 0-0 Nge7 8. Rb1 0-0 9. a3 b6 10. b4 Bb7 11. d3 Nd4 12. Bb2 Nec6 13. b5 Nxe2+ 14. Nxe2 Nd4 15. Nxd4 cxd4 16. f4 a6 17. bxa6 Rxa6 18. f5 exf5 19. exf5 Bxg2 20. Kxg2 Ra5 21. Qg4 h5 22. Qd1 Re8 23. fxg6 fxg6 24. Rf4 Rae5 25. Bxd4 Re2+ 26. Bf2 Qa8+ 27. Kg1 Kh8 28. Rxb6 Qa7 29. Rb2 Re1+ 30. Kg2 Rxd1 0-1

[Event "LTU-chT 0708"]
[Site "Lithuania"]
[Date "2007.12.08"]
[Round "4"]
[White "Chocenka, Dmitrijus"]
[Black "Jadenkus, Henrikas"]
[Result "0-1"]
[WhiteElo "2306"]
[BlackElo "1984"]
[PlyCount "58"]
[EventDate "2007.09.30"]
[EventType "team"]
[EventRounds "9"]
[EventCountry "LTU"]
[SourceTitle "EXT 2009"]
[Source "ChessBase"]
[SourceDate "2008.11.26"]
[SourceVersion "1"]
[SourceVersionDate "2008.11.26"]
[SourceQuality "1"]

1. d4 Nf6 2. g3 e6 3. Bg2 Be7 4. e4 d5 5. e5 Nfd7 6. Ne2 c5 7. c3 Nc6 8. 0-0 0-0 9. Kh1 b5 10. Be3 Rb8 11. Nd2 b4 12. f4 bxc3 13. bxc3 cxd4 14. cxd4 Nb6 15. g4 Ba6 16. Rf3 Nc4 17. Nxc4 Bxc4 18. f5 Bg5 19. Nf4 Re8 20. f6 gxf6 21. exf6 e5 22. Nxd5 Bxd5 23. Bxg5 Rb2 24. Qc1 Rxg2 25. Kxg2 Nxd4 26. Kh3 Bxf3 27. Bh4 Ne6 28. Qe3 Qd5 29. Kg3 e4 0-1

[Event "EU-Cup 23rd"]
[Site "Kemer"]
[Date "2007.10.04"]
[Round "2.4"]
[White "Garcia Ortega Mendez, Jose Manuel"]
[Black "Jadenkus, Henrikas"]
[Result "1-0"]
[WhiteElo "2190"]
[BlackElo "1994"]
[PlyCount "20"]
[EventDate "2007.10.03"]
[EventType "team-swiss"]
[EventRounds "7"]
[EventCountry "TUR"]
[SourceTitle "CBM 121"]
[Source "ChessBase"]
[SourceDate "2007.11.14"]
[SourceVersion "1"]
[SourceVersionDate "2007.11.14"]
[SourceQuality "1"]
[WhiteTeam "Ajoblanco Extremadura"]
[BlackTeam "Plunge Bokstas"]
[WhiteTeamCountry "ESP"]
[BlackTeamCountry "LTU"]

1. e4 e5 2. Nf3 Nc6 3. Bb5 a6 4. Ba4 Nf6 5. 0-0 Nxe4 6. d4 b5 7. Bb3 d5 8. dxe5 Be6 9. Qe2 Be7 10. Rd1 Nc5 1-0

[Event "Kaunas op"]
[Site "Kaunas"]
[Date "2007.08.12"]
[Round "9"]
[White "Kaunas, Kestutis"]
[Black "Jadenkus, Henrikas"]
[Result "1-0"]
[WhiteElo "2273"]
[BlackElo "2021"]
[PlyCount "55"]
[EventDate "2007.08.07"]
[EventType "swiss"]
[EventRounds "9"]
[EventCountry "LTU"]
[SourceTitle "CBM 119 Extra"]
[Source "ChessBase"]
[SourceDate "2007.09.04"]
[SourceVersion "1"]
[SourceVersionDate "2007.09.04"]
[SourceQuality "1"]

1. d4 Nf6 2. c4 e6 3. Nf3 b6 4. a3 Bb7 5. Nc3 d5 6. Bg5 Be7 7. Qa4+ c6 8. cxd5 exd5 9. g3 0-0 10. Bg2 Na6 11. 0-0 Nc7 12. Ne5 Qe8 13. Rad1 h6 14. Bxf6 Bxf6 15. Ng4 Be7 16. Rfe1 Kh8 17. e4 dxe4 18. Nxe4 Ne6 19. Nc3 Qc8 20. Ne5 b5 21. Qb3 Ng5 22. h4 Nh3+ 23. Kh2 Nxf2 24. Rd2 Qf5 25. Qc2 Ng4+ 26. Nxg4 Qxg4 27. Rxe7 f5 28. Bh3 1-0

[Event "Kaunas op"]
[Site "Kaunas"]
[Date "2007.08.08"]
[Round "3"]
[White "Jadenkus, Henrikas"]
[Black "Laurusas, Tomas"]
[Result "0-1"]
[WhiteElo "2021"]
[BlackElo "1888"]
[PlyCount "96"]
[EventDate "2007.08.07"]
[EventType "swiss"]
[EventRounds "9"]
[EventCountry "LTU"]
[SourceTitle "CBM 119 Extra"]
[Source "ChessBase"]
[SourceDate "2007.09.04"]
[SourceVersion "1"]
[SourceVersionDate "2007.09.04"]
[SourceQuality "1"]

1. e4 c5 2. Nf3 e6 3. c3 Nf6 4. e5 Nd5 5. d4 cxd4 6. cxd4 b6 7. a3 Bb7 8. Bd3 Be7 9. 0-0 0-0 10. Qc2 h6 11. Qe2 Nc7 12. Nbd2 d6 13. Re1 Nd7 14. Nc4 dxe5 15. dxe5 Nc5 16. Bb1 Bxf3 17. Qxf3 Bg5 18. Bc2 Bxc1 19. Raxc1 Qe7 20. b4 Nd7 21. Qe4 g6 22. Ne3 Rac8 23. Rcd1 Rfd8 24. Ng4 Nd5 25. Rd3 Rxc2 26. Rxd5 exd5 27. Qxc2 h5 28. Ne3 Qxe5 29. Qd2 Nf6 30. Ng4 Qd6 31. Nxf6+ Qxf6 32. h3 d4 33. Qd3 Kg7 34. Re4 Qd6 35. h4 Rd7 36. g3 Qd5 37. Kh2 Qf5 38. Kg2 a5 39. bxa5 bxa5 40. Kg1 Qd5 41. Kh2 a4 42. Re1 Qb3 43. Rd1 Qxd3 44. Rxd3 Kf6 45. Kg2 Ke5 46. Rd2 d3 47. Rd1 Kd4 48. Kf3 Kc3 0-1

[Event "Plunge op"]
[Site "Plunge"]
[Date "2007.07.20"]
[Round "7"]
[White "Jadenkus, Henrikas"]
[Black "Klimciauskas, Domantas"]
[Result "1-0"]
[WhiteElo "2021"]
[BlackElo "2162"]
[PlyCount "47"]
[EventDate "2007.07.16"]
[EventType "swiss"]
[EventRounds "9"]
[EventCountry "LTU"]
[SourceTitle "EXT 2010"]
[Source "ChessBase"]
[SourceDate "2010.11.25"]
[SourceVersion "1"]
[SourceVersionDate "2010.11.25"]
[SourceQuality "1"]

1. e4 c6 2. d4 d5 3. f3 e5 4. exd5 Qxd5 5. dxe5 Qxe5+ 6. Qe2 Qxe2+ 7. Nxe2 Bf5 8. Nd4 Bg6 9. Bf4 Nd7 10. Nd2 0-0-0 11. 0-0-0 Nc5 12. Nc4 Nf6 13. g3 Nd5 14. Bh3+ Nd7 15. Nd6+ Bxd6 16. Bxd6 a6 17. Rhe1 Rhe8 18. Kd2 c5 19. Bxc5 f5 20. Bd6 N7b6 21. Nxf5 Bxf5 22. Bxf5+ Nd7 23. c4 N5b6 24. Be7 1-0

[Event "Plunge op"]
[Site "Plunge"]
[Date "2007.07.19"]
[Round "6"]
[White "Jadenkus, Henrikas"]
[Black "Narva, Regina R"]
[Result "1-0"]
[WhiteElo "2021"]
[BlackElo "2094"]
[PlyCount "105"]
[EventDate "2007.07.16"]
[EventType "swiss"]
[EventRounds "9"]
[EventCountry "LTU"]
[SourceTitle "EXT 2010"]
[Source "ChessBase"]
[SourceDate "2010.11.25"]
[SourceVersion "1"]
[SourceVersionDate "2010.11.25"]
[SourceQuality "1"]

1. e4 c5 2. Nf3 d6 3. d4 cxd4 4. Nxd4 Nf6 5. Nc3 g6 6. Be3 Bg7 7. f3 Nc6 8. Qd2 0-0 9. 0-0-0 Nxd4 10. Bxd4 Be6 11. Kb1 a6 12. h4 h5 13. g4 hxg4 14. h5 Nxh5 15. Bxg7 Kxg7 16. Rxh5 Rh8 17. Rxh8 Qxh8 18. Bg2 gxf3 19. Bxf3 Qh3 20. Qf4 Rh8 21. Ne2 Rh4 22. Qe3 Bg4 23. Qc3+ f6 24. Bxg4 Qxc3 25. Nxc3 Rxg4 26. b3 g5 27. Kc1 Kg6 28. Kd2 Rg2+ 29. Ne2 g4 30. Ke3 Kg5 31. Rh1 e6 32. Rd1 f5 33. exf5 exf5 34. Rd5 Rh2 35. Nd4 Rh3+ 36. Kf2 Kf4 37. Nxf5 Rh2+ 38. Kg1 Rxc2 39. a4 Rc5 40. Rxc5 dxc5 41. Nd6 b6 42. Nc4 b5 43. axb5 axb5 44. Nd6 b4 45. Nb7 Ke3 46. Nxc5 Kd4 47. Nb7 Kd5 48. Kg2 Ke4 49. Kg3 Kf5 50. Na5 Kg5 51. Nc6 Kf5 52. Nxb4 Ke4 53. Nc2 1-0

[Event "Plunge op"]
[Site "Plunge"]
[Date "2007.07.18"]
[Round "4"]
[White "Narmontas, Tauras"]
[Black "Jadenkus, Henrikas"]
[Result "1-0"]
[WhiteElo "2227"]
[BlackElo "2021"]
[PlyCount "69"]
[EventDate "2007.07.16"]
[EventType "swiss"]
[EventRounds "9"]
[EventCountry "LTU"]
[SourceTitle "EXT 2010"]
[Source "ChessBase"]
[SourceDate "2010.11.25"]
[SourceVersion "1"]
[SourceVersionDate "2010.11.25"]
[SourceQuality "1"]

1. e4 e5 2. Nf3 Nc6 3. Bb5 a6 4. Ba4 Nf6 5. 0-0 Nxe4 6. d4 b5 7. Bb3 d5 8. dxe5 Be6 9. c3 Be7 10. Nbd2 0-0 11. Qe2 Nc5 12. Nd4 Nxd4 13. cxd4 Nxb3 14. Nxb3 c6 15. Bd2 Qb6 16. Ba5 Qb7 17. Rfc1 Bg5 18. Bd2 Bd8 19. Ba5 Bg5 20. Rc3 Bf5 21. a3 Rfe8 22. f4 Be7 23. Bb4 Bd8 24. Ba5 Be7 25. g4 b4 26. Bxb4 Bxb4 27. axb4 Be4 28. Ra4 Qb5 29. Qxb5 axb5 30. Ra3 Ra4 31. Rxa4 bxa4 32. Nc5 Rb8 33. Nxe4 dxe4 34. Rxc6 Kf8 35. Rc4 1-0

[Event "Baltija Cup op 4th"]
[Site "Palanga"]
[Date "2007.06.17"]
[Round "2"]
[White "Jadenkus, Henrikas"]
[Black "Tvarijonas, Povilas"]
[Result "0-1"]
[WhiteElo "2016"]
[BlackElo "2221"]
[PlyCount "46"]
[EventDate "2007.06.16"]
[EventType "swiss"]
[EventRounds "8"]
[EventCountry "LTU"]
[SourceTitle "EXT 2022"]
[Source "ChessBase"]
[SourceDate "2021.10.06"]
[SourceVersion "1"]
[SourceVersionDate "2021.10.06"]
[SourceQuality "1"]

1. e4 c5 2. Nf3 d6 3. d4 cxd4 4. Nxd4 Nf6 5. Nc3 g6 6. Be3 Bg7 7. f3 0-0 8. Qd2 Nc6 9. 0-0-0 d5 10. h4 dxe4 11. h5 Nxh5 12. g4 Ng3 13. Rxh7 Kxh7 14. Qh2+ Kg8 15. Nxc6 Nxf1 16. Rxd8 Nxh2 17. Nxe7+ Kh7 18. Rd1 Re8 19. Ncd5 exf3 20. Rh1 Bxg4 21. Rxh2+ Bh5 22. Bc5 Rad8 23. Bxa7 Rxe7 0-1

[Event "Baltija Cup op 4th"]
[Site "Palanga"]
[Date "2007.06.17"]
[Round "3"]
[White "Laurusas, Tomas"]
[Black "Jadenkus, Henrikas"]
[Result "1-0"]
[WhiteElo "1888"]
[BlackElo "2016"]
[PlyCount "63"]
[EventDate "2007.06.16"]
[EventType "swiss"]
[EventRounds "8"]
[EventCountry "LTU"]
[SourceTitle "EXT 2022"]
[Source "ChessBase"]
[SourceDate "2021.10.06"]
[SourceVersion "1"]
[SourceVersionDate "2021.10.06"]
[SourceQuality "1"]

1. e4 e5 2. Nf3 Nc6 3. Bc4 Nf6 4. d3 Be7 5. 0-0 0-0 6. Nc3 d6 7. h3 Na5 8. Bb3 Nxb3 9. axb3 h6 10. Be3 Nh7 11. d4 exd4 12. Nxd4 f5 13. exf5 Bxf5 14. Nxf5 Rxf5 15. Qg4 Rf7 16. Bxh6 Nf6 17. Qg6 Nd7 18. Be3 Ne5 19. Qh5 Qd7 20. Rad1 Rf5 21. Qe2 Raf8 22. Ne4 Nf3+ 23. gxf3 Rxf3 24. Rfe1 Qxh3 25. Qf1 Qh5 26. Qg2 Bh4 27. Bd4 R8f7 28. Rd3 R3f4 29. Ng3 Qg4 30. Re8+ Kh7 31. Be3 Rf3 32. Re4 1-0

[Event "LTU-ch sf"]
[Site "Vilnius"]
[Date "2007.02.19"]
[Round "6"]
[White "Klabis, Rokas"]
[Black "Jadenkus, Henrikas"]
[Result "0-1"]
[WhiteElo "1715"]
[BlackElo "2011"]
[PlyCount "88"]
[EventDate "2007.02.16"]
[EventType "swiss"]
[EventRounds "9"]
[EventCountry "LTU"]
[SourceTitle "EXT 2010"]
[Source "ChessBase"]
[SourceDate "2010.11.25"]
[SourceVersion "1"]
[SourceVersionDate "2010.11.25"]
[SourceQuality "1"]

1. e4 e6 2. d4 d5 3. e5 c5 4. c3 Nc6 5. Nf3 Qb6 6. a3 Nh6 7. b4 cxb4 8. cxb4 Nf5 9. Be3 Bd7 10. Nc3 Nxe3 11. fxe3 Nxb4 12. axb4 Bxb4 13. Rc1 Rc8 14. Qd3 Qa5 15. Kd2 0-0 16. Ng5 g6 17. h4 Rxc3 18. Rxc3 Rc8 19. Ke2 Bxc3 20. Kf3 Bd2 21. h5 Qc3 22. hxg6 hxg6 23. Nh3 Qxd3 24. Bxd3 Bc1 25. Nf2 Kf8 26. Bb5 Ke7 27. Bxd7 Kxd7 28. Nd3 Ba3 29. Rb1 b6 30. Rb3 Be7 31. Nb2 Rc2 32. Na4 Kc6 33. g3 b5 34. Rc3+ Rxc3 35. Nxc3 b4 36. Nb1 a5 37. Ke2 a4 38. Kd3 Bg5 39. g4 Kb5 40. Nd2 b3 41. Nf3 Bxe3 42. Kxe3 b2 43. Nd2 a3 44. Kd3 a2 0-1

[Event "LTU-ch sf"]
[Site "Vilnius"]
[Date "2007.02.17"]
[Round "3"]
[White "Vedrickas, Tautvydas"]
[Black "Jadenkus, Henrikas"]
[Result "1-0"]
[WhiteElo "2265"]
[BlackElo "2011"]
[PlyCount "67"]
[EventDate "2007.02.16"]
[EventType "swiss"]
[EventRounds "9"]
[EventCountry "LTU"]
[SourceTitle "EXT 2010"]
[Source "ChessBase"]
[SourceDate "2010.11.25"]
[SourceVersion "1"]
[SourceVersionDate "2010.11.25"]
[SourceQuality "1"]

1. d4 Nf6 2. c4 e6 3. Nf3 b6 4. a3 Bb7 5. Nc3 d5 6. cxd5 Nxd5 7. Qc2 Be7 8. e4 Nxc3 9. bxc3 c5 10. Bd3 0-0 11. 0-0 Qc8 12. Qb1 Ba6 13. Rd1 Bxd3 14. Rxd3 Nd7 15. e5 Qc6 16. Bg5 Rfe8 17. Bxe7 Rxe7 18. Ng5 f5 19. exf6 Nxf6 20. Re3 cxd4 21. cxd4 h6 22. Nf3 Rc8 23. h3 Nd5 24. Re1 Qc2 25. Qb5 Qc4 26. a4 Qxb5 27. axb5 Nc3 28. Re5 Rc4 29. Rae1 Kf7 30. R5e3 Kf6 31. Ne5 Rcc7 32. Rf3+ Kg5 33. h4+ Kh5 34. Rh3 1-0